| 000 | 00487nam a22001937a 4500 | ||
|---|---|---|---|
| 003 | OSt | ||
| 005 | 20140310182353.0 | ||
| 008 | 130313t xxu||||| |||| 00| 0 eng d | ||
| 020 | _a0716690004 | ||
| 050 |
_aGV 1507.P47 _b.Ey94 1996 |
||
| 082 |
_aGS 793.73 _bEx3 1996 |
||
| 245 | _aEye spy. / | ||
| 260 |
_aChicago : _b World Book, _cc1996. |
||
| 300 |
_a32 p. : _bill. (some col.) ; _c25 cm. |
||
| 541 | _j1 | ||
| 562 | _e1 | ||
| 650 |
_aPuzzles _922216 |
||
| 942 |
_2lcc _cBK-GS |
||
| 999 |
_c12433 _d12433 |
||